| 000 | 00901cam a2200253 a 4500 | ||
|---|---|---|---|
| 001 | 13993917 | ||
| 005 | 20160731132858.0 | ||
| 008 | 050607s2011 xxka frb 001 0 eng d | ||
| 010 | _a 2005928726 | ||
| 020 | _a0750660058 | ||
| 020 | _a9780750660051 | ||
| 082 | 0 | 4 |
_a346.065 _222 _bNAY |
| 100 | 1 |
_aNayler, Peter. _932794 |
|
| 245 | 1 | 0 |
_aBusiness law in the global marketplace : _bthe effects on international business / _cPeter Nayler. |
| 260 |
_aLondon ; _aNew York, United States : _bRoutledge Taylor & Francis Group, _c2011. |
||
| 300 |
_ax, 261 p. : _bill. ; _c24 cm. |
||
| 500 | _aIndex : p. 257-261. | ||
| 504 | _aIncludes bibliographical references. | ||
| 650 | 0 |
_aInternational business enterprises _xLaw and legislation. _932795 _2BUEsh |
|
| 650 | 0 |
_aGlobalization _xEconomic aspects. _93901 _2BUEsh |
|
| 651 | _2BUEsh | ||
| 653 |
_cMarch2013 _cJanuary2014 |
||
| 942 |
_2ddc _cBB _k346.065 NAY |
||
| 999 |
_c17345 _d17317 |
||